RRIM 700 series clones trials (Fourth selection) first report (Record no. 67331)

MARC details
000 -LEADER
fixed length control field 00348nam a2200133Ia 4500
245 #0 - TITLE STATEMENT
Title RRIM 700 series clones trials (Fourth selection) first report
260 ## - PUBLICATION, DISTRIBUTION, ETC. (IMPRINT)
Name of publisher Planters Bulletin
Year of publication 1976
300 ## - PHYSICAL DESCRIPTION
Number of Pages 50-53
650 ## - SUBJECT ADDED ENTRY--TOPICAL TERM
Topical Term Disease
650 ## - SUBJECT ADDED ENTRY--TOPICAL TERM
Topical Term Pink disease
650 ## - SUBJECT ADDED ENTRY--TOPICAL TERM
Topical Term Wind damage
942 ## - ADDED ENTRY ELEMENTS (KOHA)
Koha item type Journals
Holdings
Withdrawn status Lost status Damaged status Not for loan Home library Current library Shelving location Date acquired Serial Enumeration / chronology Koha item type
      Journals RRII Library RRII Library Botany 17/12/2021 Volume 143, Issue Journals